What country created these cars? - Statistics

General Stats
  • This quiz has been taken 21 times
  • The average score is 11 of 15
Answer Stats
Hint Answer % Correct
Lamborghini Italy
100%
Nissan Japan
100%
Ferrari Italy
95%
McLaren United Kingdom
90%
Alfa Romeo Italy
85%
Aston Martin United Kingdom
85%
Renault France
80%
Volvo Sweden
75%
Chrysler United States
75%
Škoda Czech Republic
70%
Bugatti France
70%
Geely China
60%
Lada Russia
60%
Free skip (: just copy me Free skip
50%
W Motors United Arab Emirates
30%
No matching quizzes found
Score Distribution
Percent of People with Each Score
Percentile by Number Answered
Your Score History
You have not taken this quiz